| 000 | 01232nam a22002177a 4500 | ||
|---|---|---|---|
| 005 | 20100709151516.0 | ||
| 008 | 100709t xxu||||| |||| 00| 0 hin d | ||
| 010 | _aHIN-89650 | ||
| 020 |
_a9788190439343 _c160.00 |
||
| 035 | _aHN-61996 | ||
| 037 | _bDBAD / PUB | ||
| 040 |
_aDPL _bHN |
||
| 100 |
_aवर्मा, दयानंद _91023 |
||
| 245 |
_aपामिस्ट्री के अनुभूत प्रयोग / _cदयानंद वर्मा |
||
| 260 |
_aनई दिल्ली _bइंस्टीच्यूट ऑफ पामिस्ट्री _c2009 |
||
| 270 |
_aW-21, ग्रेटर कैलाश पार्ट-1 _bनई दिल्ली _e110048 _k011- 29242432, 41630337 _mdayanandverma@yahoo.com |
||
| 300 |
_a152पृ _c22सेमी (सजिल्द) |
||
| 500 | _aहस्तरेखा विद्या पर इंस्टीच्यूट ऑफ पामिस्ट्री की एक खोजपूर्ण पुस्तक | ||
| 942 |
_2ddc _cHN _m133.5वर्माद |
||
| 999 |
_c36868 _d36868 |
||